<?xml version="1.0" encoding="UTF-8"?><?xml-stylesheet type="text/xsl" href="static/style.xsl"?><OAI-PMH xmlns="http://www.openarchives.org/OAI/2.0/" xmlns:xsi="http://www.w3.org/2001/XMLSchema-instance" xsi:schemaLocation="http://www.openarchives.org/OAI/2.0/ http://www.openarchives.org/OAI/2.0/OAI-PMH.xsd"><responseDate>2026-04-27T21:31:57Z</responseDate><request verb="GetRecord" identifier="oai:uvadoc.uva.es:10324/29659" metadataPrefix="marc">https://uvadoc.uva.es/oai/request</request><GetRecord><record><header><identifier>oai:uvadoc.uva.es:10324/29659</identifier><datestamp>2025-03-26T19:10:18Z</datestamp><setSpec>com_10324_1174</setSpec><setSpec>com_10324_931</setSpec><setSpec>com_10324_894</setSpec><setSpec>col_10324_1342</setSpec></header><metadata><record xmlns="http://www.loc.gov/MARC21/slim" xmlns:doc="http://www.lyncode.com/xoai" xmlns:xsi="http://www.w3.org/2001/XMLSchema-instance" xmlns:dcterms="http://purl.org/dc/terms/" xsi:schemaLocation="http://www.loc.gov/MARC21/slim http://www.loc.gov/standards/marcxml/schema/MARC21slim.xsd">
<leader>00925njm 22002777a 4500</leader>
<datafield tag="042" ind1=" " ind2=" ">
<subfield code="a">dc</subfield>
</datafield>
<datafield tag="720" ind1=" " ind2=" ">
<subfield code="a">Fradejas Rueda, José Manuel</subfield>
<subfield code="e">author</subfield>
</datafield>
<datafield tag="260" ind1=" " ind2=" ">
<subfield code="c">1989</subfield>
</datafield>
<datafield tag="520" ind1=" " ind2=" ">
<subfield code="a">Cummins en su edición del Libro de la caga de las aves (Londres, Támesis Books, 1986) ofrece el censo de los manuscritos de esta obra empleados por él. Al hacerlo asigna una letra a cada uno de ellos, pero sin sistematización alguna ya que reserva las letras B, C, D, E, F, G, H, I, J y K para unos manuscritos de la Biblioteca Nacional de Madrid, introduce cinco manuscritos pertenecientes a otras bibliotecas, y asigna las letras Q y R a otros dos manuscritos de Biblioteca Nacional de Madrid, mas olvidó incluir dos manuscritos que se encuentran en la Biblioteca Nacional, uno del siglo XVI-XVII, ms. 4261 y otro del XIX, ms. 5959, e incluso un tercero conservado en la Real Academia Española, ms. 26, con lo que las tres únicas letras simples disponibles W, Y, Z' ya las tenemos ocupadas.&#xd;
¿Qué hacer si aparece un nuevo manuscrito? ...</subfield>
</datafield>
<datafield tag="024" ind2=" " ind1="8">
<subfield code="a">Epos: revista de filología, 1989, nº 5. p. 497-504</subfield>
</datafield>
<datafield tag="024" ind2=" " ind1="8">
<subfield code="a">0213-201X</subfield>
</datafield>
<datafield tag="024" ind2=" " ind1="8">
<subfield code="a">http://uvadoc.uva.es/handle/10324/29659</subfield>
</datafield>
<datafield tag="024" ind2=" " ind1="8">
<subfield code="a">10.5944/epos.5.1989</subfield>
</datafield>
<datafield tag="024" ind2=" " ind1="8">
<subfield code="a">497</subfield>
</datafield>
<datafield tag="024" ind2=" " ind1="8">
<subfield code="a">nº 5, 1989</subfield>
</datafield>
<datafield tag="024" ind2=" " ind1="8">
<subfield code="a">504</subfield>
</datafield>
<datafield tag="024" ind2=" " ind1="8">
<subfield code="a">Epos: Revista de filología</subfield>
</datafield>
<datafield ind1=" " ind2=" " tag="653">
<subfield code="a">López de Ayala, Pedro (1332-1407). Libro de la caza de las aves-Manuscritos</subfield>
</datafield>
<datafield tag="245" ind1="0" ind2="0">
<subfield code="a">Los manuscritos del "Libro de la caza de las aves": intento de un censo y descripción del ms. Krahe</subfield>
</datafield>
</record></metadata></record></GetRecord></OAI-PMH>